Statistics for Tour de France 2017 stage winners

Click here to take the quiz!

General Stats

  • This quiz has been taken 53 times
  • The average score is 14 of 21

Answer Stats

StageTypeCountryWinner% Correct
3HillySlovakiaPeter Sagan
95%
1Time trialUKGeraint Thomas
86%
7FlatGermanyMarcel Kittel
86%
2FlatGermanyMarcel Kittel
86%
10FlatGermanyMarcel Kittel
86%
11FlatGermanyMarcel Kittel
86%
6FlatGermanyMarcel Kittel
86%
12MountainFranceRomain Bardet
77%
17MountainSloveniaPrimoz Roglic
75%
4FlatFranceArnaud Demare
68%
21FlatNetherlandsDylan Groenewegen
68%
13MountainFranceWarren Barguil
59%
18MountainFranceWarren Barguil
59%
9MountainColombiaRigoberto Uran
57%
19FlatNorwayEdvald Boasson Hagen
52%
5HillyItalyFabio Aru
52%
14HillyAustraliaMichael Matthews
52%
16HillyAustraliaMichael Matthews
52%
20Time trialPolandMaciej Bodnar
48%
15HillyNetherlandsBauke Mollema
34%
8HillyFranceLilian Calmejane
23%

Score Distribution

Percentile by Number Answered

Percent of People with Each Score

Your Score History

You have not taken this quiz